000 01117cam a2200277 4500
001 48226
003 BD-RjUL
005 20211209054501.0
008 700511s1969 enk b 000 0 eng
020 _a0851570674
035 _a(BD-RjUL)48345
040 _aDLC
_cDLC
_dDLC
_dBD-RjUL
_beng
041 _aeng
082 0 0 _a016.027662
_223
_bREA 1969
245 0 0 _aReading round the world:
_ba set of international reading lists /
_ccompiled by members of the International Federation of Library Associations and edited by Frank Gardner & M. Joy Lewis.
260 _aLondon,
_bBingley on behalf of the I.F.L.A.,
_c1969.
300 _a260 p.
_c23 cm.
350 _a45/-
500 _aCompiled by members of the Libraries in Hospitals Section of the International Federation of Library Associations.
650 0 _aHospital libraries
_vBook lists.
_9167455
700 1 _aGardner, Frank M.,
_eed.
_9167456
700 1 _aLewis, Marigold Joy,
_eed.
_9167457
710 2 _aInternational Federation of Library Associations.
_bSubsection on Libraries in Hospitals.
_9167458
942 _2ddc
_cREF
999 _c48226
_d48226